000 00668nam a2200193 i 4500
001 46772
003 ES-MaACL
005 20250815062533.0
007 t|
008 030401s1893 sp ||||1| spa d
111 2 _aCongreso Geográfico Hispano-Portugués-Americano (
_d1892.
_cMadrid)
_9376
245 1 0 _aActas /
_cCongreso Geográfico Hispano-Portugués-Americano reunido en Madrid en el mes de octubre de 1892.
260 _aMadrid :
_b[s.n.],
_c1893.
300 _a2 v. ;
_c25 cm.
500 _aPrecede al tít.: Cuarto Centenario del Descubrimiento de América.
650 0 7 _aGeografía
_2embne
_913070
852 _aES-MaACL
_jG-1152-3
999 _c46772
_d46772